Presidentes de Venezuela - Estadísticas

Estadísticas generales
  • Esta prueba ha sido intentada 77 veces
    31 desde el último reinicio
  • La puntuación promedio es 32 de 61
Estadísticas de respuestas
Nombre Partido Periodo % Correcto
Nicolás Maduro 2013 - 2026
97%
Hugo Chávez 1999 - 2013
93%
Carlos Andrés Pérez 1974 - 1979
86%
Carlos Andrés Pérez 1989 - 1993
86%
Marcos Pérez Jiménez INDEPENDIENTE 1952 - 1958
79%
Rómulo Betancourt 1945 - 1948
79%
Rómulo Betancourt 1959 - 1964
79%
Rafael Caldera 1969 - 1974
76%
Rafael Caldera 1994 - 1999
76%
Jaime Lusinchi 1984 - 1989
72%
Juan Vicente Gómez INDEPENDIENTE 1908 - 1913
72%
Juan Vicente Gómez INDEPENDIENTE 1922 - 1929
72%
Juan Vicente Gómez INDEPENDIENTE 1931 - 1935
72%
José Antonio Páez 1830 - 1835
69%
José Antonio Páez 1839 - 1843
69%
José Antonio Páez 1861 - 1863
69%
José Gregorio Monagas 1851 - 1855
66%
José Tadeo Monagas 1847 - 1851
66%
José Tadeo Monagas 1855 - 1858
66%
José Tadeo Monagas 1868 - 1868
66%
Juan Bautista Pérez INDEPENDIENTE 1929 - 1931
66%
Luis Herrera Campins 1979 - 1984
66%
Edmundo González Urrutia 2025 -
62%
José Ruperto Monagas 1869 - 1870
62%
Rómulo Gallegos 1948 - 1948
62%
Antonio Guzmán Blanco 1870 - 1877
59%
Antonio Guzmán Blanco 1879 - 1884
59%
Antonio Guzmán Blanco 1886 - 1887
59%
Cipriano Castro 1899 - 1908
59%
Isaías Medina Angarita 1941 - 1945
59%
Carlos Delgado Chalbaud INDEPENDIENTE 1948 - 1950
55%
Eleazar López Contreras INDEPENDIENTE 1935 - 1941
55%
Ramón José Velásquez 1993 - 1994
48%
Raúl Leoni 1964 - 1969
48%
José María Vargas 1835 - 1836
45%
Julián Castro 1858 - 1859
45%
Wolfgang Larrazábal 1958 - 1958
45%
Joaquín Crespo 1884 - 1886
41%
Joaquín Crespo 1892 - 1898
41%
Carlos Soublette 1837 - 1839
38%
Carlos Soublette 1843 - 1847
38%
Hermógenes López 1887 - 1888
38%
Juan Crisóstomo Falcón 1863 - 1868
34%
Germán Suárez Flamerich INDEPENDIENTE 1950 - 1952
31%
Ignacio Andrade 1898 - 1899
31%
Juan Pablo Rojas Paúl 1888 - 1890
31%
Octavio Lepage 1993 - 1993
31%
Francisco Linares Alcántara 1877 - 1878
28%
Manuel Felipe de Tovar 1859 - 1861
28%
Pedro Gual 1859 - 1859
28%
Victorino Márquez Bustillos INDEPENDIENTE 1914 - 1922
28%
Andrés Narvarte 1835 - 1835
24%
Andrés Narvarte 1836 - 1837
24%
Edgar Sanabria INDEPENDIENTE 1958 - 1959
24%
José Gil Fortoul INDEPENDIENTE 1913 - 1914
24%
José Gregorio Valera 1878 - 1879
24%
José María Carreño 1837 - 1837
24%
Manuel Bruzual 1868 - 1868
24%
Raimundo Andueza 1890 - 1892
24%
Guillermo Tell Villegas 1868 - 1869
21%
Guillermo Tell Villegas 1892 - 1892
21%
No se encontraron pruebas coincidentes
Distribución de puntuación
Porcentaje de gente con cada puntuación
Porcentaje por número respondido
Historial de tus puntuaciones
No has intentado esta prueba desde el último reinicio